00438nam a2200145Ia 4500003000400000008004100004020002300045040000800068041000700076082002100083100002900104245007100133260007100204300001700275LDD190117s9999 xx 000 0 und d a8173151679c₹600 cLDD ahi a8H0.7 भा6442 aनगेन्द्र 0aभारतीय साहित्यcनगेन्द्र aदिल्लीbप्रभात प्रकाशनc2015 axxxii, 628p.